Chủ nghĩa hiện thực Nam Cao

Kaydedildi:
Detaylı Bibliyografya
Yazar: Trần Đăng Suyền
Materyal Türü: Kitap
Dil:Vietnamese
Baskı/Yayın Bilgisi: H. Khoa học Xã hội 2008
Edisyon:Tái bản lần thứ 3, có sửa chữa và bổ sung
Konular:
Etiketler: Etiketle
Etiket eklenmemiş, İlk siz ekleyin!
Thư viện lưu trữ: Trung tâm Học liệu Lê Vũ Hùng, Trường Đại học Đồng Tháp
LEADER 01047pam a22002898a 4500
001 00025642
005 20171026081023.0
008 110810s2008 ||||||viesd
020 |c 39000 
041 0 # |a vie 
082 1 4 |a 895.922 300 9  |b CH500NGH 
100 1 # |a Trần Đăng Suyền 
245 1 0 |a Chủ nghĩa hiện thực Nam Cao  |c Trần Đăng Suyền 
250 # # |a Tái bản lần thứ 3, có sửa chữa và bổ sung 
260 # # |a H.  |b Khoa học Xã hội  |c 2008 
300 # # |a 299 tr.  |c 21 cm. 
650 # 4 |a Chủ nghĩa hiện thực 
650 # 4 |a Văn học hiện đại 
650 # 4 |a Thi pháp 
650 # 4 |a Sáng tác 
650 # 4 |a Nam Cao 
650 # 4 |a Nghiên cứu văn học 
852 # # |b Kho mượn  |j KM.0007747, KM.0007769, KM.0007746, KM.0007805 
852 # # |j KD.0010603  |j KM.0007769  |j KM.0007747  |j KM.0007746  |j KM.0007805 
852 # # |b Kho đọc  |j KD.0010603 
910 |d 10/08/2011 
980 # # |a Trung tâm Học liệu Lê Vũ Hùng, Trường Đại học Đồng Tháp